| 000 | 00547nam a2200229Ia 4500 | ||
|---|---|---|---|
| 003 | OSt | ||
| 005 | 20230114110555.0 | ||
| 008 | 210210b2003 xxu||||| |||| 00| 0 eng d | ||
| 020 | _a0 632 05293 7 | ||
| 040 | _cAL | ||
| 041 | _aeng | ||
| 082 | _a546 LEEC | ||
| 100 |
_aLEE (J D). _969169 |
||
| 245 | _aConcise inorganic chemistry | ||
| 250 | _a5 | ||
| 260 |
_aLondon _bNot Mentioned _c2003 |
||
| 300 | _axxxv,1032 | ||
| 650 |
_aInorganic Chemistry _969170 |
||
| 690 |
_aInorganic Chemistry _969170 |
||
| 906 | _a059185 | ||
| 942 |
_2ddc _cBK |
||
| 999 |
_c106552 _d106552 |
||